| 000 | 00956nam0a22002771 4500 | ||
|---|---|---|---|
| 001 | rc\126645 | ||
| 005 | 20250620192219.0 | ||
| 010 |
_a5-283-00649-2 _91500 |
||
| 035 | _a(NLR Aleph) 005382384 | ||
| 090 |
_a7114396 _c7114396 |
||
| 100 | _a20021216d1995 |||y0rusy50 ca | ||
| 101 | 0 | _arus | |
| 102 | _aRU | ||
| 105 | _aa ||||||||| | ||
| 200 | 1 |
_aСправочное пособие по основам электротехники и электроники _f[Ермуратский, П.В. и др. |
|
| 205 | _a2-е изд., перераб. и доп.] | ||
| 210 |
_aМ. _cЭнергоатомиздат _d1995 |
||
| 215 |
_a351, [2] с. _cил. _d21 |
||
| 320 | _aБиблиогр.: с. 343 (15 назв.) | ||
| 320 | _aПредм. указ.: с. 344-349 | ||
| 701 | 1 |
_aЕрмуратский _bП.В. _gПетр Васильевич |
|
| 801 | 0 |
_aRU _bNLR _gpsbo |
|
| 801 | 1 |
_aRU _bELAR _2rusmarc |
|
| 852 |
_aNLR _j95-3/4435 |
||
| 942 | _cBOOK | ||
| 980 | _aNB | ||